Statistiques concernant Culture Générale - Série 2280

Cliquez ici pour prendre le quiz!

Statistiques générales

  • Ce quiz a été pris 88 fois
  • Le résultat moyen est 5 sur 10

Statistiques - réponses

QuestionRéponse% Correct
Comment s'appelle le détroit qui sépare l'Espagne du Maroc ?Gibraltar
94%
Quelle artiste américaine a interprété "Like a virgin" en 1984 ?Madonna
91%
Dans quelle partie du corps humain trouve-t-on l'astragale ?pied
64%
Le Drâa, long de 1100 km, est le plus grand fleuve de quel pays ?Maroc
58%
Quel cinéaste a réalisé "Parle avec elle" et Volver" ? prénom et nom - voir photoPedro Almodovar
53%
La journée internationale de la femme est fixée depuis 1977 le .... (jour et mois) pour chaque année8 mars
47%
Dans quel pays se trouve la majeure partie de ce désert ?Niger
43%
Quel désert du Sahara est surnommé "Le désert des déserts" ?Ténéré
23%
Gaz noble radioactif, incolore, inodore et d'origine le plus souvent naturelleradon
20%
Dans la mythologie grecque, quel roi de Thèbes a condamné Antigone à mourir enterrée vivante dans une caverne ?Créon
12%

Distribution des résultats

Percentile par nombre de réponses

% des personnes avec chaque résultat

Votre développement - résultats

Vous n’avez pas pris ce quiz